| 000 | 01247nam a2200337 i 4500 | ||
|---|---|---|---|
| 001 | 8229 | ||
| 003 | ES-MaACL | ||
| 005 | 20250514194701.0 | ||
| 007 | t| | ||
| 008 | 920310s1991 sp ||||1| spa d | ||
| 020 | _a84-88183-00-3 | ||
| 080 | _a86.09-1"19" | ||
| 080 | _a014.3:05(468.14) | ||
| 100 | 1 |
_aMolina Damiani, Juan Manuel. _981924 |
|
| 245 | 1 | 0 |
_aAljaba y Advinge (1951-1955) en la España poética del medio siglo _b: índices y consideraciones para el estudio de dos revistas giennenses de poesía / _cJuan Manuel Molina Damiani ; prólogo de Fanny Rubio. |
| 260 |
_aJaén : _bAyuntamiento, Concejalía de Cultura y Turismo, Servicio de Publicaciones, _c1991. |
||
| 300 |
_a214 p. : _bil. ; _c23 cm. |
||
| 490 | 1 | _aColección Huellas | |
| 500 | _aIndices. | ||
| 504 | _aBibliogr.: p. 143-192. | ||
| 630 | 0 | 7 |
_aAljaba- _vIndices. _9118799 |
| 630 | 0 | 7 |
_aAdvinge- _vIndices. _9118673 |
| 650 | 1 | 4 |
_aPoesía española- _yS.XX- _vBibliografías. _916178 |
| 700 | 1 |
_aRubio, Fanny, _d1949- _9100343 |
|
| 710 | 1 |
_aJaén. _bAyuntamiento. _95333 |
|
| 730 | 0 |
_aAljaba. _9118798 |
|
| 730 | 0 |
_aAdvinge. _9118672 |
|
| 830 | 0 |
_aColección Huellas _9227964 |
|
| 852 |
_aES-MaACL _jL-15482 _bR.120066 |
||
| 999 |
_c8229 _d8229 |
||